| 000 | 00908nam a22002538a 4500 | ||
|---|---|---|---|
| 005 | 20081024151702.0 | ||
| 008 | 080717s2008 nyu 000 0 eng | ||
| 010 | _aENG-91786 | ||
| 020 |
_a9780070248779 _c650.00 |
||
| 020 |
_a007024877X _c650.00 |
||
| 035 | _aEN-75319 | ||
| 037 | _bDBAD / PUB | ||
| 040 |
_adpl _bEnglish |
||
| 082 | _a006.686 | ||
| 100 | _aBouton, Gary David, | ||
| 245 |
_aCorelDRAW X4 : _bthe official guide / _cby Gary David Bouton. |
||
| 260 |
_aNew Delhi _bTata McGraw-Hill Publishing _c2008. |
||
| 300 |
_axxxii, 892p.: _bb&w photos; ill. _c25cm (pbk) |
||
| 500 | _aIncludes index | ||
| 650 | _aCorelDRAW! | ||
| 650 | _aComputer graphics. | ||
| 942 |
_2ddc _cEN _h006.686 _mBOU |
||
| 999 |
_c19035 _d19035 |
||